| 000 | 00945nam a2200241 a 4500 | ||
|---|---|---|---|
| 001 | 24383 | ||
| 003 | BD-RjUL | ||
| 005 | 20211209001038.0 | ||
| 008 | 140313s1963 enkabcf 001 0deng d | ||
| 035 | _a(BD-RjUL)24449 | ||
| 040 |
_aAAWM _beng _cAAWM _dNSL:R _dBD-RjUL |
||
| 041 | _aeng | ||
| 082 | 1 | 4 |
_a940.341 _219 _bPAW 1963 |
| 100 | 1 |
_aPawle, Gerald. _975066 |
|
| 245 | 1 | 4 |
_aThe war and Colonel Warden / _cby Gerald Pawle ; based on the recollections of C.R. Thompson, personal assistant to the Prime Minister, 1940-45 ; with a foreword by W. Averell Marriman. |
| 260 |
_aLondon : _bGeorge G. Harrap, _c1963. |
||
| 300 |
_a427 p., [14] p. of plates, (1 folded), : _bill., facsims., map, ports. ; _c23 cm. |
||
| 504 | _aBibliography: p.408-410. and index. | ||
| 600 | 1 | 0 |
_aChurchill, Winston, _d1874-1965. _951096 |
| 650 | 0 |
_aWorld War, 1939-1945 _zGreat Britain. _975067 |
|
| 700 | 1 |
_aThompson, C. R. _q(Charles Ralfe) _975068 |
|
| 942 |
_2ddc _cBK |
||
| 999 |
_c24383 _d24383 |
||